000 00516nam a2200157 a 4500
001 000033868
005 20200930070602.0
008 110914s2008 br ac 000 0 spa d
020 _a9788575111321
040 _aDO-SdBNP
_bspa
_cBNPHU
110 1 _aRepública Federativa do Brasil
_959296
245 1 0 _aMachado para jovens leitores /
_cAna Cristina Chiara...[et. al].
260 _aRio de Janeiro :
_bFundacão Biblioteca Nacional,
_c2008.
300 _a184 p. :
_bil. ;
_c2008.
700 1 _aChiara, Ana Cristina
_959297
999 _c33359
_d33359